00624nam a2200181 a 45000010005000000030009000050080041000140400028000550820017000831000037001002450040001372600046001773000010002236500042002339420012002759990017002879520138003043531CO-ViMGA141112s2004 ck r 000 u spa d aCO-ViMGAbspacCO-ViMGA04a343.09 S175c1 aSarmiento García, Jorge95338910aConcesión de servicios públicos aBuenos Aires : bCiudad Argentina, c1996 a220 p14aSERVICIOS PUBLICOS - CONCESION953390 2ddccBK c15574d15574 00102ddc40708002aMEVIECARbMEVIECARd2015-12-04h11/jun/2009l0o343.09 S175c p3531r2015-12-04 00:00:00tEj. 1w2015-12-04yBK